Becoming a teacher (Record no. 132431)
[ view plain ]
| 000 -LEADER | |
|---|---|
| fixed length control field | 01575nam a2200373 a 4500 |
| 245 00 - TITLE STATEMENT | |
| Title | Becoming a teacher |
| 250 ## - EDITION STATEMENT | |
| Edition statement | 4th ed. |
| 260 ## - PUBLICATION, DISTRIBUTION, ETC. (IMPRINT) | |
| Place of publication | Maidenhead [England] : |
| Name of publisher | Open University, |
| Year of publication | 2011. |
| 300 ## - PHYSICAL DESCRIPTION | |
| Number of Pages | xx, 395 p. : |
| Other physical details | ill. |
| 505 0# - FORMATTED CONTENTS NOTE | |
| Formatted contents note | pt. 1. First thoughts -- pt. 2. Policy, society and schooling -- pt. 3. Teaching and learning -- pt. 4. Across the curriculum. |
| 650 #0 - SUBJECT ADDED ENTRY--TOPICAL TERM | |
| Topical Term | High school teaching |
| Topical Term | High school teaching |
| Topical Term | Classroom management |
| Topical Term | Curriculum planning |
| 700 1# - ADDED ENTRY--PERSONAL NAME | |
| Personal name | Dillon, Justin. |
| Personal name | Maguire, Meg, |
| 856 40 - ELECTRONIC LOCATION AND ACCESS | |
| Uniform Resource Identifier | http://site.ebrary.com/lib/rucke/Doc?id=10499006 |
No items available.
